000 00332cam a2200145ua 4500
041 _aeng
_h
082 _a930
_bSAV/HI
100 _aSavelle, Max .
245 _aHistory of world civilization
260 _aNewyork :
_bHolt,Rinehart and winston Inc ,
_c1957.
300 _a ; .
504 _a
942 _cBK
999 _c618
_d618